000 005700000a22001810004500
003 MACL
005 20160409125057.0
008 160409b xxu||||| |||| 00| 0 eng d
040 _aMACL
_cMACL
041 _aHindi
082 _a500
100 _aआई सी जोसलीन
_951295
245 _aवायु के मनोरंजक प्रयोग
260 _bविज्ञान शिक्षा संस्‍थान
_c2010
_aगाजियाबाद
350 _a150
650 _aविज्ञान
_951296
942 _cHIN
_k500
_2ddc
999 _c45101
_d45101